000 00498nam a2200169 a 4500
001 14237
003 CO-ViMGA
008 141112s2004 ck r 000 u spa d
040 _aCO-ViMGA
_bspa
_cCO-ViMGA
082 0 4 _a657.61 C657p
110 _aContaduria General de la Nacion
_920833
245 1 0 _aPlan general de contaduria publica
260 _aSantafé de Bogotá :
_bImprenta Nacional,
_c1997
300 _a619
650 1 4 _aHACIENDA PUBLICA - CONTABILIDAD - COLOMBIA
_920834
942 _2ddc
_cBK
999 _c24935
_d24935